Normal view
MARC view
- الاسلام - الحديث النبوي الشريف
Entry Topical Term
001 - CONTROL NUMBER
- control field: 37459
003 - CONTROL NUMBER IDENTIFIER
- control field: JO-AjAnu
005 - DATE AND TIME OF LATEST TRANSACTION
- control field: 20230606080239.0
008 - FIXED-LENGTH DATA ELEMENTS
- fixed length control field: 230606|| aca||aabn | a|a d
040 ## - CATALOGING SOURCE
- Original cataloging agency: JO-AjAnu
- Transcribing agency: JO-AjAnu
150 ## - HEADING--TOPICAL TERM
- Topical term or geographic name entry element: الاسلام - الحديث النبوي الشريف
670 ## - SOURCE DATA FOUND
- Source citation: Work cat.: (JO-AjAnu)19221: السنيد، أبو عبدالله فهد بن عبدالله, author 37458, الإعلام في إيضاح ما خفى على الإمام: تعقبيات حديثة على الشيخ محمد ناصر الدين الألباني مع نقولات في الرجال لسماحة المفتي العام الشيخ عبد العزيز بن باز